000 00639nam a2200253 a 4500
003 AR-BaBNM
005 20251128205720.0
008 082120s2002 ||||||||||||||000 | spa||
020 _a950-05-0890-7
040 _cAR-BaBNM
100 1 _aCastillo, Laura del
245 0 0 _aJinete del sur
260 _aBuenos Aires
_bEdiciones Corregidor
_c1995
300 _a159 p.
650 4 _aLITERATURA ARGENTINA
650 4 _aNOVELAS
650 4 _aCOSTUMBRES Y TRADICIONES
653 _aNARRATIVA
653 _aLITERATURA GAUCHESCA
655 _aLITERATURA
700 1 _aIsaacson, José
_eprologuista
942 _cBK
998 _cMARTIN
999 _c12530
_d12530